ਬਾਤਾਂ ਪੰਜ ਪਾਣੀਆਂ ਦਾ ਰਾਜਾ :ਮਹਾਰਾਜ ਰਣਜੀਤ ਸਿੰਘ (Record no. 1465270)

MARC details
000 -LEADER
fixed length control field 00828 a2200217 4500
003 - CONTROL NUMBER IDENTIFIER
control field OSt
005 - DATE AND TIME OF LATEST TRANSACTION
control field 20260306154749.0
008 - FIXED-LENGTH DATA ELEMENTS--GENERAL INFORMATION
fixed length control field 260306b |||||||| |||| 00| 0 eng d
020 ## - INTERNATIONAL STANDARD BOOK NUMBER
International Standard Book Number 9788196304362 (hbk )
037 ## - SOURCE OF ACQUISITION
Terms of availability TB
040 ## - CATALOGING SOURCE
Original cataloging agency CRL
Language of cataloging pun
Transcribing agency CRL
041 ## - LANGUAGE CODE
Language code of text/sound track or separate title pun
245 ## - TITLE STATEMENT
Title ਬਾਤਾਂ ਪੰਜ ਪਾਣੀਆਂ ਦਾ ਰਾਜਾ :ਮਹਾਰਾਜ ਰਣਜੀਤ ਸਿੰਘ
246 ## - VARYING FORM OF TITLE
Title proper/short title Batan Panj Paniyan da raja: Maharaja Ranjit Singh / Shah Muhamad
260 ## - PUBLICATION, DISTRIBUTION, ETC.
Place of publication, distribution, etc. Patiala, India:
Name of publisher, distributor, etc. Shah Kitab Ghar,
Date of publication, distribution, etc. 2023.
600 ## - SUBJECT ADDED ENTRY--PERSONAL NAME
Personal name History
9 (RLIN) 1128121
600 ## - SUBJECT ADDED ENTRY--PERSONAL NAME
Personal name Maharaja Ranjeet Singh
9 (RLIN) 1128122
700 ## - ADDED ENTRY--PERSONAL NAME
Personal name ਸ਼ਾਹ ਮੁਹੱਮਦ
Relator term Editor
9 (RLIN) 1128123
942 ## - ADDED ENTRY ELEMENTS (KOHA)
Koha item type Textbook
Source of classification or shelving scheme Colon Classification (CC)
Classification part V243y7L80 153R3
Holdings
Withdrawn status Lost status Source of classification or shelving scheme Damaged status Not for loan Home library Current library Date acquired Source of acquisition Cost, normal purchase price Inventory number Total Checkouts Full call number Barcode Date last seen Cost, replacement price Price effective from Koha item type
    Colon Classification (CC)     Central Library Central Library 2026-02-06 Star Publications Pvt. Ltd. 220.00 SP/1063/05/02/2026   V243y7L80 153R3 CL1925893 2026-02-06 275.00 2026-02-06 Textbook
Copyright @ Delhi University Library System